[Event "ESTCC 65 2019"]
[Site "Mali Losinj"]
[Date "2019.09.23"]
[Round "6.7"]
[White "Kivimaki, Jaakko"]
[Black "Herbrechtsmeier, Christof"]
[Result "1/2-1/2"]
[WhiteElo "2195"]
[BlackElo "2210"]
[Annotator "NA"]
[PlyCount "61"]
[EventDate "2019.09.18"]
[EventType "team-tourn"]
[EventCountry "CRO"]
[SourceTitle "playchess.com"]
[Source "ChessBase"]
[SourceQuality "1"]
[WhiteTeam "Finland"]
[BlackTeam "Germany"]
[WhiteTeamCountry "FIN"]
[BlackTeamCountry "GER"]
[TimeControl "40/5400+30:1800+30"]

1. d4 {[%emt 0:00:30]} Nf6 {[%emt 0:01:30]} 2. Nf3 {[%emt 0:00:30]} g6 {[%emt 0:00:30]} 3. e3 {[%emt 0:00:30]} Bg7 {[%emt 0:00:00]} 4. c3 {[%emt 0:00:00]} O-O {[%emt 0:00:00]} 5. Be2 {[%emt 0:00:00]} d6 {[%emt 0:00:30]} 6. b4 {[%emt 0:00:30]} Nbd7 {[%emt 0:01:30]} 7. a4 {[%emt 0:00:30]} e5 {[%emt 0:04:30]} 8. b5 {[%emt 0:00:30]} a5 {[%emt 0:01:30]} 9. bxa6 {[%emt 0:09:30]} b6 {[%emt 0:07:30]} 10. a5 {[%emt 0:00:30]} Bxa6 {[%emt 0:00:30]} 11. axb6 {[%emt 0:00:30]} Bxe2 {[%emt 0:00:30]} 12. Rxa8 {[%emt 0:00:30]} Qxa8 {[%emt 0:01:30]} 13. Qxe2 {[%emt 0:00:00]} Nxb6 {[%emt 0:06:30]} 14. O-O {[%emt 0:00:00]} Ne4 {[%emt 0:08:30]} 15. Nfd2 {[%emt 0:03:30]} Rb8 {[%emt 0:05:30]} 16. Nxe4 {[%emt 0:09:30]} Qxe4 {[%emt 0:00:30]} 17. Na3 {[%emt 0:00:30]} exd4 {[%emt 0:07:30]} 18. cxd4 {[%emt 0:00:30]} Qa8 {[%emt 0:17:30]} 19. Qc2 {[%emt 0:13:30]} c6 {[%emt 0:03:30]} 20. Nc4 {[%emt 0:01:30]} Nxc4 {[%emt 0:01:30]} 21. Qxc4 {[%emt 0:00:30]} d5 {[%emt 0:01:30]} 22. Qc2 {[%emt 0:00:30]} Bf8 {[%emt 0:01:30]} 23. Bd2 {[%emt 0:01:30]} Qb7 {[%emt 0:07:30]} 24. Rd1 {[%emt 0:08:30]} Qb3 {[%emt 0:02:00]} 25. Qxb3 {[%emt 0:00:00]} Rxb3 {[%emt 0:00:06]} 26. Kf1 {[%emt 0:00:00]} f5 {[%emt 0:03:44]} 27. Rc1 {[%emt 0:01:30]} Rb6 {[%emt 0:00:11]} 28. Ba5 {[%emt 0:00:30]} Rb5 {[%emt 0:01:14]} 29. Bc7 {[%emt 0:00:30]} c5 {[%emt 0:00:31]} 30. dxc5 {[%emt 0:00:30]} Rxc5 {[%emt 0:00:11]} 31. Rxc5 {[%emt 0:00:00]} 1/2-1/2

[Event "ESTCC 65 2019"]
[Site "Mali Losinj"]
[Date "2019.09.23"]
[Round "6.8"]
[White "Kiefer, Gerhard"]
[Black "Vinke, Dietmar"]
[Result "1-0"]
[WhiteElo "2227"]
[BlackElo "2129"]
[Annotator "NA"]
[PlyCount "57"]
[EventDate "2019.09.18"]
[EventType "team-tourn"]
[EventCountry "CRO"]
[SourceTitle "playchess.com"]
[Source "ChessBase"]
[SourceQuality "1"]
[WhiteTeam "Germany"]
[BlackTeam "Finland"]
[WhiteTeamCountry "GER"]
[BlackTeamCountry "FIN"]
[TimeControl "40/5400+30:1800+30"]

1. e4 {[%emt 0:00:30]} c6 {[%emt 0:00:30]} 2. d4 {[%emt 0:00:00]} d5 {[%emt 0:00:00]} 3. Nc3 {[%emt 0:00:00]} dxe4 {[%emt 0:00:00]} 4. Nxe4 {[%emt 0:00:00]} Nd7 {[%emt 0:00:00]} 5. Nf3 {[%emt 0:03:00]} Ngf6 {[%emt 0:01:00]} 6. Nxf6+ {[%emt 0:00:30]} Nxf6 {[%emt 0:00:30]} 7. Bc4 {[%emt 0:00:30]} e6 {[%emt 0:00:30]} 8. O-O {[%emt 0:00:30]} Be7 {[%emt 0:08:30]} 9. c3 {[%emt 0:05:30]} O-O {[%emt 0:00:30]} 10. Re1 {[%emt 0:12:30]} c5 {[%emt 0:25:30]} 11. Bg5 {[%emt 0:09:30]} cxd4 {[%emt 0:02:30]} 12. Nxd4 {[%emt 0:00:30]} Qa5 {[%emt 0:05:30]} 13. Bh4 {[%emt 0:04:30]} a6 {[%emt 0:27:30]} 14. Qf3 {[%emt 0:07:30]} Re8 {[%emt 0:07:36]} 15. Rad1 {[%emt 0:17:30]} Qc7 {[%emt 0:00:51]} 16. Bb3 {[%emt 0:03:30]} Bd7 {[%emt 0:01:04]} 17. Bg3 {[%emt 0:02:30]} Qb6 {[%emt 0:01:58]} 18. Be5 {[%emt 0:01:30]} Rad8 {[%emt 0:00:55]} 19. Qg3 {[%emt 0:01:30]} Qc5 {[%emt 0:01:32]} 20. Bc2 {[%emt 0:01:30]} Bc8 {[%emt 0:07:35]} 21. Rd3 {[%emt 0:03:30]} Rd5 {[%emt 0:00:58]} 22. Rde3 {[%emt 0:02:30]} Bd6 {[%emt 0:01:24]} 23. Nf5 {[%emt 0:06:16]} exf5 {[%emt 0:00:32]} 24. Bxf6 {[%emt 0:00:11]} Bxg3 {[%emt 0:00:23]} 25. Rxe8+ {[%emt 0:00:08]} Qf8 {[%emt 0:00:02]} 26. Rxf8+ {[%emt 0:00:11]} Kxf8 {[%emt 0:00:02]} 27. Be7+ {[%emt 0:00:08]} Ke8 {[%emt 0:00:21]} 28. hxg3 {[%emt 0:00:06]} Be6 {[%emt 0:00:23]} 29. Bg5 {[%emt 0:01:05]} 1-0

[Event "ESTCC 65 2019"]
[Site "Mali Losinj"]
[Date "2019.09.23"]
[Round "6.9"]
[White "Renman, Nils-Gustaf"]
[Black "Huss, Andreas"]
[Result "1-0"]
[WhiteElo "2340"]
[BlackElo "2261"]
[Annotator "TA"]
[PlyCount "83"]
[EventDate "2019.09.18"]
[EventType "team-tourn"]
[EventCountry "CRO"]
[SourceTitle "playchess.com"]
[Source "ChessBase"]
[SourceQuality "1"]
[WhiteTeam "Sweden"]
[BlackTeam "Switzerland"]
[WhiteTeamCountry "SWE"]
[BlackTeamCountry "SUI"]

{[%evp 13,83,6,2,8,20,17,8,0,0,0,10,0,0,-13,14,14,17,16,20,19,24,18,32,29,26,19,47,55,50,53,120,5,17,12,12,12,12,12,9,-16,0,-8,-8,-8,-6,-16,-3,-7,-7,-7,0,0,0,0,0,0,0,0,18,0,0,0,0,0,22,22,18,8,12,9,314,335]} 1. d4 e6 2. c4 Nf6 3. Nf3 b6 4. a3 Bb7 5. Nc3 d5 6. Bg5 Nbd7 7. cxd5 exd5 8. Qa4 {E12: Queen's Indian: Unusual White 4th moves, 4 a3, 4 Nc3 Bb7 5 a3 and 4 Nc3 Bb7} a6 (8... c6 9. Ne5 b5 10. Qc2 Be7 11. Nxd7 Nxd7 12. Bxe7 Qxe7 13. e3 a6 14. Rd1 O-O 15. Be2 c5 16. dxc5 Qxc5 {1-0 (38) Gupta,A (2630)-Rozentalis,E (2552) Warsaw 2016}) 9. Ne5 {And now Bxf6 would win.} b5 10. Qb3 {The position is equal.} Be7 11. Nxd7 $146 ({Predecessor:} 11. e3 O-O 12. Nxd7 {½-½ (63) Pantelic,S (2358)-Ozenir,E (2098) Paracin 2017}) 11... Qxd7 12. e3 O-O 13. Be2 h6 (13... c5 {seems wilder.} 14. dxc5 d4 15. exd4 Qxd4 16. Be3 Qe5) 14. Bxf6 Bxf6 15. O-O Be7 16. Bf3 {[%cal Rc3d5]} Rfd8 17. Rfd1 Qf5 18. Rac1 c6 19. e4 dxe4 20. Nxe4 Qg6 21. Qc3 Rd7 ({Black should play} 21... Bg5 $14) 22. Nd2 (22. Nc5 $16 Bxc5 23. dxc5 (23. Qxc5 Rad8 $14)) 22... a5 23. Nb3 b4 24. axb4 Bxb4 25. Qc4 Rad8 26. h3 Qf6 27. Rd3 Rd6 28. Rcd1 Bc8 29. Nc5 Bf5 30. Ne4 Bxe4 31. Bxe4 Qe6 32. d5 cxd5 33. Bxd5 Qd7 34. b3 Kf8 35. Qe4 {[#] aiming for Qh7.} Kg8 36. Qe5 Kf8 37. Qh5 Kg8 38. Kh2 Kf8 39. g3 Qa7 40. Rf3 {[%cal Rf3f7]} R8d7 $1 41. Kg2 Rxd5 $4 {[%mdl 8192] [#]} (41... Kg8 $1 $11 {and Black has nothing to worry.}) 42. Rxd5 {Accuracy: White = 52%, Black = 45%.} 1-0

[Event "ESTCC 65 2019"]
[Site "Mali Losinj"]
[Date "2019.09.23"]
[Round "6.10"]
[White "Vucenovic, Dragomir"]
[Black "Wahlbom, Magnus"]
[Result "1/2-1/2"]
[WhiteElo "2154"]
[BlackElo "2255"]
[Annotator "NA"]
[PlyCount "67"]
[EventDate "2019.09.18"]
[EventType "team-tourn"]
[EventCountry "CRO"]
[SourceTitle "playchess.com"]
[Source "ChessBase"]
[SourceQuality "1"]
[WhiteTeam "Switzerland"]
[BlackTeam "Sweden"]
[WhiteTeamCountry "SUI"]
[BlackTeamCountry "SWE"]
[TimeControl "40/5400+30:1800+30"]

1. d4 {[%emt 0:00:30]} Nf6 {[%emt 0:00:30]} 2. Nf3 {[%emt 0:00:00]} b6 {[%emt 0:00:30]} 3. g3 {[%emt 0:01:00]} Bb7 {[%emt 0:00:30]} 4. Bg2 {[%emt 0:00:30]} e6 {[%emt 0:00:30]} 5. O-O {[%emt 0:00:00]} c5 {[%emt 0:01:30]} 6. c4 {[%emt 0:01:00]} cxd4 {[%emt 0:00:00]} 7. Qxd4 {[%emt 0:00:30]} d6 {[%emt 0:02:00]} 8. Nc3 {[%emt 0:00:30]} a6 {[%emt 0:02:30]} 9. b3 {[%emt 0:01:30]} Nbd7 {[%emt 0:04:30]} 10. Bb2 {[%emt 0:01:30]} Be7 {[%emt 0:00:30]} 11. Rfe1 {[%emt 0:07:30]} O-O {[%emt 0:02:30]} 12. Rad1 {[%emt 0:07:30]} Qc7 {[%emt 0:02:30]} 13. e4 {[%emt 0:06:30]} Rad8 {[%emt 0:11:30]} 14. h3 {[%emt 0:07:30]} Rfe8 {[%emt 0:04:30]} 15. Qe3 {[%emt 0:07:30]} Bf8 {[%emt 0:01:30]} 16. Na4 {[%emt 0:06:30]} Nxe4 {[%emt 0:04:30]} 17. Nh2 {[%emt 0:04:30]} Nec5 {[%emt 0:10:30]} 18. Nxc5 {[%emt 0:00:30]} Nxc5 {[%emt 0:01:30]} 19. Bxb7 {[%emt 0:01:30]} Qxb7 {[%emt 0:00:00]} 20. Ng4 {[%emt 0:02:30]} e5 {[%emt 0:06:00]} 21. Rd5 {[%emt 0:04:30]} b5 {[%emt 0:00:30]} 22. Qe2 {[%emt 0:02:30]} bxc4 {[%emt 0:04:30]} 23. Qxc4 {[%emt 0:00:30]} Rc8 {[%emt 0:02:30]} 24. Ne3 {[%emt 0:01:30]} Nd7 {[%emt 0:03:30]} 25. Qe2 {[%emt 0:02:30]} Nb6 {[%emt 0:10:30]} 26. Ra5 {[%emt 0:01:30]} Ra8 {[%emt 0:00:00]} 27. Rd1 {[%emt 0:00:30]} Rec8 {[%emt 0:03:00]} 28. Ba3 {[%emt 0:00:30]} Rc6 {[%emt 0:01:30]} 29. Qg4 {[%emt 0:08:30]} Re8 {[%emt 0:13:05]} 30. h4 {[%emt 0:08:08]} h6 {[%emt 0:03:50]} 31. Qe2 {[%emt 0:01:45]} Ra8 {[%emt 0:00:42]} 32. Qg4 {[%emt 0:00:37]} Re8 {[%emt 0:00:11]} 33. Qe2 {[%emt 0:00:32]} Ra8 {[%emt 0:00:10]} 34. Qg4 {[%emt 0:10:57]} 1/2-1/2

[Event "ESTCC 65 2019"]
[Site "Mali Losinj"]
[Date "2019.09.23"]
[Round "6.11"]
[White "Hammar, Bengt"]
[Black "Staechelin, Ruedi"]
[Result "1-0"]
[WhiteElo "2161"]
[BlackElo "2002"]
[Annotator "NA"]
[PlyCount "129"]
[EventDate "2019.09.18"]
[EventType "team-tourn"]
[EventCountry "CRO"]
[SourceTitle "playchess.com"]
[Source "ChessBase"]
[SourceQuality "1"]
[WhiteTeam "Sweden"]
[BlackTeam "Switzerland"]
[WhiteTeamCountry "SWE"]
[BlackTeamCountry "SUI"]
[TimeControl "40/5400+30:1800+30"]

1. e4 {[%emt 0:00:30]} d5 {[%emt 0:00:30]} 2. exd5 {[%emt 0:00:30]} Qxd5 {[%emt 0:00:00]} 3. Nc3 {[%emt 0:00:30]} Qd8 {[%emt 0:00:00]} 4. d4 {[%emt 0:01:30]} Nf6 {[%emt 0:00:30]} 5. Bf4 {[%emt 0:02:30]} c6 {[%emt 0:02:30]} 6. Nf3 {[%emt 0:04:30]} Bg4 {[%emt 0:00:30]} 7. Be2 {[%emt 0:00:30]} e6 {[%emt 0:01:30]} 8. h3 {[%emt 0:01:30]} Bxf3 {[%emt 0:00:30]} 9. Bxf3 {[%emt 0:00:30]} Nbd7 {[%emt 0:02:30]} 10. O-O {[%emt 0:04:30]} Be7 {[%emt 0:01:30]} 11. Ne4 {[%emt 0:15:30]} Nxe4 {[%emt 0:01:30]} 12. Bxe4 {[%emt 0:00:00]} Nf6 {[%emt 0:00:30]} 13. Bf3 {[%emt 0:00:00]} O-O {[%emt 0:00:30]} 14. c4 {[%emt 0:03:30]} Qd7 {[%emt 0:09:30]} 15. Qd2 {[%emt 0:02:30]} Rfe8 {[%emt 0:04:30]} 16. Rad1 {[%emt 0:01:30]} a6 {[%emt 0:10:30]} 17. Qc2 {[%emt 0:02:30]} Rac8 {[%emt 0:05:30]} 18. Qa4 {[%emt 0:08:30]} Red8 {[%emt 0:12:30]} 19. Be5 {[%emt 0:04:30]} h6 {[%emt 0:13:30]} 20. Rfe1 {[%emt 0:03:30]} Ra8 {[%emt 0:01:30]} 21. Qc2 {[%emt 0:05:30]} Qc8 {[%emt 0:02:30]} 22. Re3 {[%emt 0:05:30]} Nd7 {[%emt 0:00:30]} 23. Bg3 {[%emt 0:00:30]} Bf6 {[%emt 0:01:30]} 24. Qe2 {[%emt 0:03:30]} Nf8 {[%emt 0:01:30]} 25. d5 {[%emt 0:02:30]} cxd5 {[%emt 0:03:30]} 26. cxd5 {[%emt 0:00:00]} Ra7 {[%emt 0:01:30]} 27. Bg4 {[%emt 0:02:00]} b5 {[%emt 0:00:30]} 28. Red3 {[%emt 0:03:30]} Qc5 {[%emt 0:08:04]} 29. dxe6 {[%emt 0:02:30]} Rxd3 {[%emt 0:00:19]} 30. exf7+ {[%emt 0:00:30]} Rxf7 {[%emt 0:00:39]} 31. Qxd3 {[%emt 0:00:38]} Be5 {[%emt 0:06:08]} 32. Bxe5 {[%emt 0:02:48]} Qxe5 {[%emt 0:00:02]} 33. Qb3 {[%emt 0:01:24]} Qf6 {[%emt 0:01:43]} 34. Bf3 {[%emt 0:01:46]} Kh8 {[%emt 0:00:27]} 35. Re1 {[%emt 0:02:14]} Rc7 {[%emt 0:03:01]} 36. Bd5 {[%emt 0:03:34]} Qd8 {[%emt 0:02:24]} 37. Qf3 {[%emt 0:01:30]} Nd7 {[%emt 0:02:04]} 38. b4 {[%emt 0:02:33]} Nf6 {[%emt 0:00:09]} 39. Bb3 {[%emt 0:00:42]} Qc8 {[%emt 0:01:12]} 40. Qf4 {[%emt 0:01:43]} Qd8 {[%emt 0:01:04]} 41. Re6 {[%emt 0:01:38]} Ra7 {[%emt 0:04:44]} 42. Qe5 {[%emt 0:01:30]} Ra8 {[%emt 0:00:30]} 43. Qd6 {[%emt 0:04:30]} Qxd6 {[%emt 0:03:30]} 44. Rxd6 {[%emt 0:00:30]} Kh7 {[%emt 0:01:30]} 45. Bc2+ {[%emt 0:01:30]} Kg8 {[%emt 0:00:00]} 46. Bg6 {[%emt 0:00:30]} Kf8 {[%emt 0:00:00]} 47. a3 {[%emt 0:01:30]} Ke7 {[%emt 0:00:30]} 48. Rb6 {[%emt 0:00:30]} Ra7 {[%emt 0:00:30]} 49. Bf5 {[%emt 0:02:30]} Nd5 {[%emt 0:02:30]} 50. Re6+ {[%emt 0:00:30]} Kf7 {[%emt 0:00:00]} 51. Rd6 {[%emt 0:01:30]} Nf6 {[%emt 0:01:00]} 52. Bc8 {[%emt 0:02:30]} a5 {[%emt 0:00:30]} 53. Rb6 {[%emt 0:00:30]} axb4 {[%emt 0:00:30]} 54. axb4 {[%emt 0:00:30]} Ra1+ {[%emt 0:02:30]} 55. Kh2 {[%emt 0:00:30]} Rc1 {[%emt 0:00:30]} 56. Bf5 {[%emt 0:00:30]} Rd1 {[%emt 0:02:25]} 57. Rb7+ {[%emt 0:00:30]} Kf8 {[%emt 0:00:40]} 58. Rxb5 {[%emt 0:00:30]} Rd2 {[%emt 0:04:54]} 59. Kg3 {[%emt 0:00:30]} Rb2 {[%emt 0:00:19]} 60. Rb8+ {[%emt 0:00:30]} Ke7 {[%emt 0:00:16]} 61. Rb7+ {[%emt 0:00:30]} Kd6 {[%emt 0:00:24]} 62. Bg6 {[%emt 0:07:00]} Kc6 {[%emt 0:02:58]} 63. Rxg7 {[%emt 0:00:17]} Rxb4 {[%emt 0:00:55]} 64. Rf7 {[%emt 0:00:51]} Rb3+ {[%emt 0:01:22]} 65. f3 {[%emt 0:00:24]} 1-0

[Event "ESTCC 65 2019"]
[Site "Mali Losinj"]
[Date "2019.09.23"]
[Round "6.12"]
[White "Illi, Hans-Joerg"]
[Black "Malmdin, Nils-Ake"]
[Result "0-1"]
[WhiteElo "1987"]
[BlackElo "2142"]
[Annotator "NA"]
[PlyCount "58"]
[EventDate "2019.09.18"]
[EventType "team-tourn"]
[EventCountry "CRO"]
[SourceTitle "playchess.com"]
[Source "ChessBase"]
[SourceQuality "1"]
[WhiteTeam "Switzerland"]
[BlackTeam "Sweden"]
[WhiteTeamCountry "SUI"]
[BlackTeamCountry "SWE"]
[TimeControl "40/5400+30:1800+30"]

1. d4 {[%emt 0:00:30]} g6 {[%emt 0:00:30]} 2. e4 {[%emt 0:00:30]} Bg7 {[%emt 0:00:30]} 3. Nc3 {[%emt 0:00:30]} d6 {[%emt 0:03:30]} 4. Nf3 {[%emt 0:06:30]} Nf6 {[%emt 0:01:30]} 5. Be2 {[%emt 0:11:30]} O-O {[%emt 0:02:30]} 6. O-O {[%emt 0:00:30]} Nc6 {[%emt 0:04:30]} 7. Bf4 {[%emt 0:11:30]} Bg4 {[%emt 0:06:30]} 8. Qd2 {[%emt 0:07:30]} Bxf3 {[%emt 0:24:30]} 9. Bxf3 {[%emt 0:01:30]} e5 {[%emt 0:02:30]} 10. Be3 {[%emt 0:16:30]} exd4 {[%emt 0:01:30]} 11. Bxd4 {[%emt 0:01:30]} Nxe4 {[%emt 0:00:30]} 12. Bxe4 {[%emt 0:00:30]} Nxd4 {[%emt 0:00:30]} 13. Bxb7 {[%emt 0:03:30]} Rb8 {[%emt 0:01:30]} 14. Bd5 {[%emt 0:01:30]} Qh4 {[%emt 0:28:33]} 15. Rab1 {[%emt 0:01:30]} c6 {[%emt 0:00:52]} 16. g3 {[%emt 0:03:30]} Qg4 {[%emt 0:01:16]} 17. Bg2 {[%emt 0:01:30]} d5 {[%emt 0:00:18]} 18. Nd1 {[%emt 0:09:02]} Rfe8 {[%emt 0:01:27]} 19. c3 {[%emt 0:01:41]} Nf3+ {[%emt 0:00:38]} 20. Bxf3 {[%emt 0:00:15]} Qxf3 {[%emt 0:00:02]} 21. Ne3 {[%emt 0:03:11]} Bh6 {[%emt 0:01:02]} 22. Rbe1 {[%emt 0:01:27]} f5 {[%emt 0:00:52]} 23. Qd1 {[%emt 0:00:42]} Rxe3 {[%emt 0:03:30]} 24. Rxe3 {[%emt 0:09:43]} Qxd1 {[%emt 0:00:12]} 25. Rxd1 {[%emt 0:00:06]} Bxe3 {[%emt 0:00:15]} 26. fxe3 {[%emt 0:00:02]} Rxb2 {[%emt 0:00:09]} 27. c4 {[%emt 0:00:18]} dxc4 {[%emt 0:00:36]} 28. Rc1 {[%emt 0:00:32]} Rxa2 {[%emt 0:00:27]} 29. Rxc4 {[%emt 0:00:04]} Ra6 {[%emt 0:00:19]} 0-1

[Event "ESTCC 65 2019"]
[Site "Mali Losinj"]
[Date "2019.09.23"]
[Round "6.13"]
[White "Carlsten, Peter"]
[Black "Lofgren, Claes"]
[Result "1-0"]
[WhiteElo "1986"]
[BlackElo "2059"]
[Annotator "NA"]
[PlyCount "67"]
[EventDate "2019.09.18"]
[EventType "team-tourn"]
[EventCountry "CRO"]
[SourceTitle "playchess.com"]
[Source "ChessBase"]
[SourceQuality "1"]
[WhiteTeam "Sweden"]
[BlackTeam "Denmark"]
[WhiteTeamCountry "SWE"]
[BlackTeamCountry "DEN"]
[TimeControl "40/5400+30:1800+30"]

1. e4 {[%emt 0:00:30]} c5 {[%emt 0:00:30]} 2. Nf3 {[%emt 0:00:00]} e6 {[%emt 0:00:00]} 3. d4 {[%emt 0:00:00]} cxd4 {[%emt 0:00:00]} 4. Nxd4 {[%emt 0:00:00]} a6 {[%emt 0:00:30]} 5. Nc3 {[%emt 0:00:00]} Qc7 {[%emt 0:00:30]} 6. Be2 {[%emt 0:00:30]} Nf6 {[%emt 0:00:30]} 7. O-O {[%emt 0:00:30]} b5 {[%emt 0:01:30]} 8. Bf3 {[%emt 0:04:30]} e5 {[%emt 0:07:30]} 9. Nf5 {[%emt 0:07:30]} b4 {[%emt 0:03:30]} 10. Nd5 {[%emt 0:00:30]} Nxd5 {[%emt 0:00:30]} 11. Qxd5 {[%emt 0:01:30]} Bb7 {[%emt 0:00:30]} 12. Qd3 {[%emt 0:04:30]} Nc6 {[%emt 0:11:30]} 13. Be3 {[%emt 0:04:30]} g6 {[%emt 0:14:30]} 14. Ng3 {[%emt 0:02:30]} Be7 {[%emt 0:05:30]} 15. Rfd1 {[%emt 0:15:30]} d6 {[%emt 0:01:30]} 16. Nf1 {[%emt 0:09:30]} O-O {[%emt 0:02:30]} 17. Bh6 {[%emt 0:01:30]} Rfd8 {[%emt 0:02:30]} 18. c3 {[%emt 0:02:30]} a5 {[%emt 0:03:30]} 19. Ne3 {[%emt 0:00:30]} Na7 {[%emt 0:07:30]} 20. Rac1 {[%emt 0:01:30]} Qb6 {[%emt 0:02:30]} 21. Be2 {[%emt 0:10:30]} Rac8 {[%emt 0:08:30]} 22. Nc4 {[%emt 0:07:30]} Qb5 {[%emt 0:08:14]} 23. Be3 {[%emt 0:00:30]} Nc6 {[%emt 0:05:38]} 24. Qc2 {[%emt 0:07:43]} Ba6 {[%emt 0:02:23]} 25. Bb6 {[%emt 0:03:26]} Nb8 {[%emt 0:06:53]} 26. Bxd8 {[%emt 0:00:41]} Bxd8 {[%emt 0:00:16]} 27. Nxd6 {[%emt 0:03:30]} Qxe2 {[%emt 0:00:21]} 28. Nxc8 {[%emt 0:00:18]} Bg5 {[%emt 0:00:32]} 29. Qxe2 {[%emt 0:05:19]} Bxe2 {[%emt 0:00:13]} 30. Re1 {[%emt 0:00:58]} Ba6 {[%emt 0:02:05]} 31. cxb4 {[%emt 0:00:30]} Bxc1 {[%emt 0:00:19]} 32. Rxc1 {[%emt 0:00:06]} axb4 {[%emt 0:00:05]} 33. Nb6 {[%emt 0:01:02]} Kg7 {[%emt 0:00:23]} 34. Nd5 {[%emt 0:03:25]} 1-0

[Event "ESTCC 65 2019"]
[Site "Mali Losinj"]
[Date "2019.09.23"]
[Round "6.14"]
[White "Nielsen, Jorgen Lovgren"]
[Black "Ahlstrom, Per"]
[Result "1-0"]
[WhiteElo "2052"]
[BlackElo "1838"]
[Annotator "NA"]
[PlyCount "72"]
[EventDate "2019.09.18"]
[EventType "team-tourn"]
[EventCountry "CRO"]
[SourceTitle "playchess.com"]
[Source "ChessBase"]
[SourceQuality "1"]
[WhiteTeam "Denmark"]
[BlackTeam "Sweden"]
[WhiteTeamCountry "DEN"]
[BlackTeamCountry "SWE"]
[TimeControl "40/5400+30:1800+30"]

1. e4 {[%emt 0:00:30]} d6 {[%emt 0:00:30]} 2. d4 {[%emt 0:00:00]} Nf6 {[%emt 0:00:00]} 3. Nc3 {[%emt 0:04:00]} g6 {[%emt 0:00:00]} 4. Bc4 {[%emt 0:01:30]} Bg7 {[%emt 0:01:30]} 5. Qe2 {[%emt 0:01:30]} Nc6 {[%emt 0:12:30]} 6. Nf3 {[%emt 0:05:30]} Bg4 {[%emt 0:01:30]} 7. Be3 {[%emt 0:01:30]} Bxf3 {[%emt 0:04:30]} 8. gxf3 {[%emt 0:01:30]} Nd7 {[%emt 0:07:30]} 9. O-O-O {[%emt 0:01:30]} a6 {[%emt 0:08:30]} 10. h4 {[%emt 0:02:30]} h5 {[%emt 0:02:30]} 11. f4 {[%emt 0:01:30]} Na5 {[%emt 0:02:30]} 12. Bd3 {[%emt 0:08:30]} b5 {[%emt 0:09:30]} 13. e5 {[%emt 0:02:30]} Nb6 {[%emt 0:13:30]} 14. f5 {[%emt 0:02:30]} gxf5 {[%emt 0:00:30]} 15. Bxf5 {[%emt 0:00:30]} e6 {[%emt 0:00:00]} 16. Be4 {[%emt 0:00:30]} d5 {[%emt 0:00:00]} 17. Bf3 {[%emt 0:00:30]} Nac4 {[%emt 0:03:30]} 18. Bg5 {[%emt 0:01:30]} Bh6 {[%emt 0:03:30]} 19. Rdg1 {[%emt 0:04:30]} Qe7 {[%emt 0:03:30]} 20. Bxh6 {[%emt 0:02:30]} Rxh6 {[%emt 0:01:30]} 21. Rg8+ {[%emt 0:00:30]} Kd7 {[%emt 0:00:30]} 22. Rg7 {[%emt 0:04:30]} Qb4 {[%emt 0:02:30]} 23. Nd1 {[%emt 0:02:30]} Rf8 {[%emt 0:02:14]} 24. Bxh5 {[%emt 0:07:30]} Qa5 {[%emt 0:05:29]} 25. Kb1 {[%emt 0:03:30]} Na4 {[%emt 0:08:10]} 26. Bxf7 {[%emt 0:06:30]} Ncxb2 {[%emt 0:04:54]} 27. Bxe6+ {[%emt 0:09:30]} Kc6 {[%emt 0:00:12]} 28. Bxd5+ {[%emt 0:00:30]} Kb6 {[%emt 0:00:05]} 29. Qg4 {[%emt 0:02:30]} Nxd1 {[%emt 0:00:43]} 30. Rg6+ {[%emt 0:00:30]} c6 {[%emt 0:00:23]} 31. Rxh6 {[%emt 0:02:30]} Ndc3+ {[%emt 0:00:35]} 32. Kc1 {[%emt 0:00:30]} Nxa2+ {[%emt 0:01:01]} 33. Bxa2 {[%emt 0:00:30]} Qc3 {[%emt 0:01:39]} 34. Qe4 {[%emt 0:07:25]} Qb2+ {[%emt 0:00:34]} 35. Kd2 {[%emt 0:00:25]} Qc3+ {[%emt 0:00:24]} 36. Ke2 {[%emt 0:00:00]} Qc4+ {[%emt 0:00:00]} 1-0

[Event "ESTCC 65 2019"]
[Site "Mali Losinj"]
[Date "2019.09.23"]
[Round "6.15"]
[White "Dalling, Peter"]
[Black "Nielsen, Preben Lovgren"]
[Result "0-1"]
[WhiteElo "1824"]
[BlackElo "2007"]
[Annotator "NA"]
[PlyCount "40"]
[EventDate "2019.09.18"]
[EventType "team-tourn"]
[EventCountry "CRO"]
[SourceTitle "playchess.com"]
[Source "ChessBase"]
[SourceQuality "1"]
[WhiteTeam "Sweden"]
[BlackTeam "Denmark"]
[WhiteTeamCountry "SWE"]
[BlackTeamCountry "DEN"]
[TimeControl "40/5400+30:1800+30"]

1. e4 {[%emt 0:00:30]} e5 {[%emt 0:00:30]} 2. Nf3 {[%emt 0:00:00]} Nc6 {[%emt 0:00:00]} 3. Bc4 {[%emt 0:01:00]} Nf6 {[%emt 0:05:00]} 4. d3 {[%emt 0:02:30]} Bc5 {[%emt 0:01:30]} 5. O-O {[%emt 0:01:30]} d6 {[%emt 0:00:30]} 6. h3 {[%emt 0:00:30]} h6 {[%emt 0:02:30]} 7. Nc3 {[%emt 0:00:30]} a6 {[%emt 0:02:30]} 8. a4 {[%emt 0:00:30]} g5 {[%emt 0:03:30]} 9. Bxg5 {[%emt 0:06:30]} hxg5 {[%emt 0:01:30]} 10. Nxg5 {[%emt 0:00:30]} Rf8 {[%emt 0:01:30]} 11. Kh1 {[%emt 0:04:30]} Nd4 {[%emt 0:12:30]} 12. Bxf7+ {[%emt 0:06:30]} Rxf7 {[%emt 0:02:30]} 13. Nxf7 {[%emt 0:00:30]} Kxf7 {[%emt 0:00:00]} 14. f4 {[%emt 0:00:00]} Bg4 {[%emt 0:10:00]} 15. Qd2 {[%emt 0:07:00]} Qh8 {[%emt 0:19:30]} 16. fxe5 {[%emt 0:04:30]} dxe5 {[%emt 0:00:30]} 17. Nd5 {[%emt 0:00:30]} Be7 {[%emt 0:02:30]} 18. Rf2 {[%emt 0:27:30]} Bxh3 {[%emt 0:18:00]} 19. Ne3 {[%emt 0:14:30]} Bxg2+ {[%emt 0:01:28]} 20. Kxg2 {[%emt 0:00:30]} Rg8+ {[%emt 0:00:08]} 0-1